Normal view
MARC view
- QUALITY MANAGEMENT,QUALITY IMPROVEMENT
Entry Topical Term
001 - CONTROL NUMBER
- control field: 63927
003 - CONTROL NUMBER IDENTIFIER
- control field: NUST
005 - DATE AND TIME OF LATEST TRANSACTION
- control field: 20210628203210.0
008 - FIXED-LENGTH DATA ELEMENTS
- fixed length control field: 210628|| aca||aabn | a|a d
040 ## - CATALOGING SOURCE
- Original cataloging agency: NUST
- Transcribing agency: NUST
150 ## - HEADING--TOPICAL TERM
- Topical term or geographic name entry element: QUALITY MANAGEMENT,QUALITY IMPROVEMENT
670 ## - SOURCE DATA FOUND
- Source citation: Work cat.: (NUST): Prokopenko, Joseph, North, Klaus 63926, Productivity and quality management:a modular programme, high potential productivity and quality improvement areas, 1996
